Ako zdaňovať príjmy. 15 Dane a študujúce deti

Povinnosti rodičov, ktoré im vyplývajú zo zákona č.511/1992 Zb. a o správe daní a poplatkov a ďalších právnych predpisov upravujúcich nárok daňovníka na uplatnenie dieťaťa ako vyživovanej osoby žijúcej s daňovníkom v spoločnej domácnosti.

Gespeichert in:
Bibliographische Detailangaben
1. Verfasser: Piršelová, Dagmar
Weitere Verfasser: Klimešová, E.
Format: Buchkapitel
Sprache:Slowakisch
Schlagworte:
Tags: Tag hinzufügen
Keine Tags, Fügen Sie das erste Tag hinzu!

MARC

LEADER 00000naa a2200000 4500
001 r014434
005 20221213123326.2
041 0 |a slo 
044 |a SK 
245 1 0 |a Ako zdaňovať príjmy. 15  |b Dane a študujúce deti  |c Dagmar Piršelová, E. Klimešová 
520 |a Povinnosti rodičov, ktoré im vyplývajú zo zákona č.511/1992 Zb. a o správe daní a poplatkov a ďalších právnych predpisov upravujúcich nárok daňovníka na uplatnenie dieťaťa ako vyživovanej osoby žijúcej s daňovníkom v spoločnej domácnosti. 
610 2 0 |a dane z príjmov 
610 2 0 |a rodina 
610 2 0 |a deti 
610 2 0 |a študenti 
610 2 0 |a zákony 
610 2 0 |a predpisy právne 
610 2 0 |a Slovensko 
100 1 |a Piršelová, Dagmar 
700 1 |a Klimešová, E.